000 01003nam a22003495b 4500
001 0397694
003 DO-SdBNP
005 20180221140319.0
007 0397694
008 940318r 1992 sp a |||| ||spa
016 7 _a
_2BPMSU
017 _a
_b
020 _a8434819287
035 _a
040 _aBPMSU
_bspa
_cBPMS
_e
041 1 _aspa
_h
080 0 _a
100 1 _aNöstlinger, Christine
_d1936-
240 1 0 _aGeschichten vom Franz /
_lespañol
245 1 _aHistorias de Franz /
_cChristine Nöstlinger ; traducción e ilustraciones, Asun Balzola
_h
250 _a8ª ed.
260 _aMadrid :
_bSM,
_c1992.
300 _a71 p.:
_bil.;
_c20 cm
490 _aEl barco de vapor.
_aSerie azul
_v21
521 _aA partir de 7 años.
586 _aPremio Andersen, 1984
700 1 _aBalzola, Asun
_d1942-2006
_etr.
830 _aEl barco de vapor.
_pSerie azul
_v21
942 _2ddc
_cBK
945 _aInventariado, 2018/ YL
956 _aVMATEO
_210
_320160407
_6BPMSU
_80069
999 _c9611
_d9611